<?xml version="1.0" encoding="UTF-8"?>
<record
    xmlns:xsi="http://www.w3.org/2001/XMLSchema-instance"
    xsi:schemaLocation="http://www.loc.gov/MARC21/slim http://www.loc.gov/standards/marcxml/schema/MARC21slim.xsd"
    xmlns="http://www.loc.gov/MARC21/slim">

  <leader>02845nam a2200385 a 4500</leader>
  <controlfield tag="001">ebr10270791</controlfield>
  <controlfield tag="003">CaPaEBR</controlfield>
  <controlfield tag="006">m        u        </controlfield>
  <controlfield tag="007">cr cn|||||||||</controlfield>
  <controlfield tag="008">070628s2007    ne ab   sb    001 0 eng d</controlfield>
  <datafield tag="010" ind1=" " ind2=" ">
    <subfield code="z">  2007026972</subfield>
  </datafield>
  <datafield tag="020" ind1=" " ind2=" ">
    <subfield code="z">9789004161696 (pbk. : alk. paper)</subfield>
  </datafield>
  <datafield tag="040" ind1=" " ind2=" ">
    <subfield code="a">CaPaEBR</subfield>
    <subfield code="c">CaPaEBR</subfield>
  </datafield>
  <datafield tag="035" ind1=" " ind2=" ">
    <subfield code="a">(OCoLC)646789519</subfield>
  </datafield>
  <datafield tag="043" ind1=" " ind2=" ">
    <subfield code="a">f-sa---</subfield>
  </datafield>
  <datafield tag="050" ind1="1" ind2="4">
    <subfield code="a">HD991.Z8</subfield>
    <subfield code="b">E175 2007eb</subfield>
  </datafield>
  <datafield tag="082" ind1="0" ind2="4">
    <subfield code="a">338.1096875/5</subfield>
    <subfield code="2">22</subfield>
  </datafield>
  <datafield tag="245" ind1="0" ind2="0">
    <subfield code="a">Livelihoods and landscapes</subfield>
    <subfield code="h">[electronic resource] :</subfield>
    <subfield code="b">the people of Guquka and Koloni and their resources /</subfield>
    <subfield code="c">edited by Paul Hebinck, Peter C. Lent.</subfield>
  </datafield>
  <datafield tag="260" ind1=" " ind2=" ">
    <subfield code="a">Leiden ;</subfield>
    <subfield code="a">Boston :</subfield>
    <subfield code="b">Brill,</subfield>
    <subfield code="c">2007.</subfield>
  </datafield>
  <datafield tag="300" ind1=" " ind2=" ">
    <subfield code="a">xiv, 394 p. :</subfield>
    <subfield code="b">ill., maps.</subfield>
  </datafield>
  <datafield tag="490" ind1="1" ind2=" ">
    <subfield code="a">Afrika-Studiecentrum series,</subfield>
    <subfield code="x">1570-9310 ;</subfield>
    <subfield code="v">v. 9</subfield>
  </datafield>
  <datafield tag="504" ind1=" " ind2=" ">
    <subfield code="a">Includes bibliographical references and index.</subfield>
  </datafield>
  <datafield tag="505" ind1="0" ind2=" ">
    <subfield code="a">Investigating rural livelihoods and landscapes in Guquka and Koloni : an introduction / Paul Hebinck -- Rural transformation in the eastern Cape / Paul Hebinck and Wim van Averbeke -- Agro-ecology, land use, and smallholder farming in the central eastern Cape / Wim van Averbeke and James Bennett -- A social history of Guquka and Koloni : settlement and resources / Paul Hebinck and Lothar Smith -- Natural resource base and agricultural potentials / Peter C. Lent -- Local governance and institutions / Wim van Averbeke and James Bennett -- The view from above : a history of land use in Guquka and Koloni, 1938-1996 / Peter C. Lent and Guilty Mupakati -- Production of crops in arable fields and home gardens / Paul Hebinck and Nomakaya Monde -- Livestock production and forage resources / James Bennett and Peter C. Lent -- Gathering from the land / Peter C. Lent -- Mobility and population dynamics / Lothar Smith and Paul Hebinck -- Contemporary livelihoods / Wim van Averbeke and Paul Hebinck -- Life histories and livelihood trajectories / Paul Hebinck ... [et al.] -- Livelihoods and landscapes : people, resources and land use / Paul Hebinck and Wim van Averbeke.</subfield>
  </datafield>
  <datafield tag="533" ind1=" " ind2=" ">
    <subfield code="a">Electronic reproduction.</subfield>
    <subfield code="b">Palo Alto, Calif. :</subfield>
    <subfield code="c">ebrary,</subfield>
    <subfield code="d">2011.</subfield>
    <subfield code="n">Available via World Wide Web.</subfield>
    <subfield code="n">Access may be limited to ebrary affiliated libraries.</subfield>
  </datafield>
  <datafield tag="650" ind1=" " ind2="0">
    <subfield code="a">Land use, Rural</subfield>
    <subfield code="z">South Africa</subfield>
    <subfield code="z">Eastern Cape</subfield>
    <subfield code="v">Case studies.</subfield>
  </datafield>
  <datafield tag="650" ind1=" " ind2="0">
    <subfield code="a">Rural development</subfield>
    <subfield code="z">South Africa</subfield>
    <subfield code="z">Eastern Cape</subfield>
    <subfield code="v">Case studies.</subfield>
  </datafield>
  <datafield tag="650" ind1=" " ind2="0">
    <subfield code="a">Agricultural laborers</subfield>
    <subfield code="z">South Africa</subfield>
    <subfield code="z">Eastern Cape</subfield>
    <subfield code="v">Case studies.</subfield>
  </datafield>
  <datafield tag="650" ind1=" " ind2="0">
    <subfield code="a">Natural resources</subfield>
    <subfield code="z">South Africa</subfield>
    <subfield code="z">Eastern Cape</subfield>
    <subfield code="v">Case studies.</subfield>
  </datafield>
  <datafield tag="655" ind1=" " ind2="7">
    <subfield code="a">Electronic books.</subfield>
    <subfield code="2">local</subfield>
  </datafield>
  <datafield tag="700" ind1="1" ind2=" ">
    <subfield code="a">Hebinck, Paulus Gerardus Maria,</subfield>
    <subfield code="d">1953-</subfield>
  </datafield>
  <datafield tag="700" ind1="1" ind2=" ">
    <subfield code="a">Lent, Peter C.</subfield>
  </datafield>
  <datafield tag="710" ind1="2" ind2=" ">
    <subfield code="a">ebrary, Inc.</subfield>
  </datafield>
  <datafield tag="830" ind1=" " ind2="0">
    <subfield code="a">Afrika-Studiecentrum series ;</subfield>
    <subfield code="v">v. 9.</subfield>
  </datafield>
  <datafield tag="856" ind1="4" ind2="0">
    <subfield code="u">http://site.ebrary.com/lib/rucke/Doc?id=10270791</subfield>
    <subfield code="z">An electronic book accessible through the World Wide Web; click to view</subfield>
  </datafield>
  <datafield tag="999" ind1=" " ind2=" ">
    <subfield code="c">22754</subfield>
    <subfield code="d">22754</subfield>
  </datafield>
</record>
